000 01090nkm a2200253 i 4500
001 4074
003 ES-MaACL
005 20250713062916.0
007 khrbo
008 070626s1987 sp --- g |001||spa d
100 0 _aAlfonso,
_d1902-1990
_919858
245 1 3 _aLa poesía es canción : recital a cargo de Juan Tierra [
_hFotografía] /
_cAlfonso (sello).
260 _a[S.l. :
_bs.n.],
_c1987.
300 _a2 fot. :
_bb. y n. ;
_c12 x 18 cm.
500 _aDatos basados en invitación.
511 0 _aInterviene: Juan Tierra; presenta: José López Martínez.
518 _aActo organizado por el Ateneo de Madrid en colaboración con la Sección de Música, celebrado en el salón de actos el martes, 23 de junio de 1987, a las 20:00 h.
600 1 4 _aTierra, Juan.
_9110237
610 2 4 _aAteneo de Madrid-
_xActos culturales-
_y1987-
_vFotografías.
_91902
710 2 _aAteneo de Madrid.
_bSección de Música.
_92004
852 _aES-MaACL
_jFOT 139/1987
856 4 _uhttp://www.ateneodemadrid.net/biblioteca_digital/imagenes/1987/0139-1987.jpg
_zVer imagen
999 _c4074
_d4074